Pengangkutan bandar di Malaysia

Bibliographic Details
Main Author: Ibrahim Wahab
Format: Book
Published: Kuala Lumpur : DBP , 1991
Subjects:

MARC

LEADER 00000cam a2200000 7i4500
001 0000003626
002 000003904
005 20000330.0
020 |a 9836216553 
090 0 0 |a 338   |b IBR 
100 0 |a Ibrahim Wahab   |f Prof 
245 1 0 |a Pengangkutan bandar di Malaysia   |c Prof.Ibrahim Wahab 
260 |a Kuala Lumpur :   |b DBP ,   |c 1991 
300 |a 363p ;   |c 24cm. 
650 0 0 |a Transportation   |z Malaysia 
650 0 0 |a Urban transportation policy   |z Malaysia 
999 |a 024180   |b BUKU   |c MALAYSIANA   |e PERPUSTAKAAN KOMUNITI PETALING JAYA